al-Alfāẓ al-muʻarrabah wa-al-mawḍūʻah al-wāridah fī al-sanawāt al-ʻashr al-thālithah min Majallat al-Majmaʻ al-ʻIlmī al-ʻArabī 1365-1374 H -- 1946-1955 M / (Record no. 48517)

MARC details
000 -LEADER
fixed length control field 01202cam a22002771a 4500
001 - CONTROL NUMBER
control field ne 65002412
003 - CONTROL NUMBER IDENTIFIER
control field DLC
005 - DATE AND TIME OF LATEST TRANSACTION
control field 20260227111818.0
008 - FIXED-LENGTH DATA ELEMENTS--GENERAL INFORMATION
fixed length control field 860806s1963 sy d 001 0 arar
010 ## - LIBRARY OF CONGRESS CONTROL NUMBER
LC control number ne 65002412
035 ## - SYSTEM CONTROL NUMBER
System control number (OCoLC)14054126
040 ## - CATALOGING SOURCE
Original cataloging agency DLC
Transcribing agency InU
Modifying agency DLC
041 0# - LANGUAGE CODE
Language code of text/sound track or separate title arafre
042 ## - AUTHENTICATION CODE
Authentication code premarc
050 00 - LIBRARY OF CONGRESS CALL NUMBER
Classification number Q123
Item number .K33
100 1# - MAIN ENTRY--PERSONAL NAME
Personal name Kaḥḥālah, ʻUmar Riḍā.
245 13 - TITLE STATEMENT
Title al-Alfāẓ al-muʻarrabah wa-al-mawḍūʻah al-wāridah fī al-sanawāt al-ʻashr al-thālithah min Majallat al-Majmaʻ al-ʻIlmī al-ʻArabī 1365-1374 H -- 1946-1955 M /
Statement of responsibility, etc. jamʻ wa tartīb ʻUmar Ridā Kaḥḥālah.
260 ## - PUBLICATION, DISTRIBUTION, ETC.
Place of publication, distribution, etc. Dimashq :
Name of publisher, distributor, etc. Maṭbaʻat al-Taraqqá,
Date of publication, distribution, etc. 1963.
300 ## - PHYSICAL DESCRIPTION
Extent 115, 47, 8 p. ;
Dimensions 24 cm.
490 1# - SERIES STATEMENT
Series statement Maṭbūʻāt al-Majmaʻ al-ʻIlmī al-ʻArabī bi-Dimashq
500 ## - GENERAL NOTE
General note Includes indexes.
500 ## - GENERAL NOTE
General note Title on added t.p.: Termes techniques parus dans la Revue de l'Académie arabe, t. xxi-xxx, extraits par Omar Rida Kahalé.
650 #0 - SUBJECT ADDED ENTRY--TOPICAL TERM
Topical term or geographic name entry element Arabic language
General subdivision Glossaries, vocabularies, etc.
740 0# - ADDED ENTRY--UNCONTROLLED RELATED/ANALYTICAL TITLE
Uncontrolled related/analytical title Termes techniques parus dans la Revue de l'Académie arabe, t. xxi-xxx.
830 #0 - SERIES ADDED ENTRY--UNIFORM TITLE
Uniform title Maṭbūʻāt Majmaʻ al-Lughah al-ʻArabīyah bi-Dimashq.

No items available.

Powered by Koha